000 00504nam a2200169 a 4500
001 13378
005 20180713201741.0
008 140415d 000 0 eng d
041 _aeng
082 _a628.168
_bBED
100 1 _aBEDIENT, PHILIP B.
245 1 0 _aGROUND WATER CONTAMINATION :
_bTRANSPORT AND REMEDIATION
260 _a[s.l.] :
_bPRENTICE-HALL,
_c[s.f.]
300 _a541
650 1 4 _aCONTAMINACION DE SUELOS
_xSANAMIENTO AMBIENTAL
700 1 _aRIFAI, HANADI S.
_ecoaut.
999 _c13378
_d13378